Statistiche per Quiz sull'Islanda

Clicka qui per fare il quiz!

Statistiche generali

  • Questo quiz è stato fatto 775 volte
  • Il punteggio medio è 11 su 20

Statistiche sulle risposte

DomandaRisposta% Corretto
Lingua ufficialeIslandese
98%
CapitaleReykjavík
93%
Sorgente d'acqua bollente che ha delle eruzioni intermittenti che creano delle colonne di acqua calda e vapore.Geyser
83%
Paese da cui l'Islanda ha ottenuto l'indipendenza nel 1918Danimarca
79%
Corrente oceanica che riscalda l'IslandaCorrente del {Golfo}
76%
Si stabilirono in Islanda a partire dall'874Norreni
72%
Insieme al Giappone, l'Islanda è uno dei pochi paesi che consente alle persone
di cacciare questi animali
Balene
70%
In Islanda se ne mangia (pro capite) più di qualsiasi altro paese, ad eccezione delle MaldivePesce
65%
ValutaCorona islandese
63%
Cosa sono Eyjafjallajökull e Öræfajökull?Vulcani
63%
Ramo protestante di cui fa parte la Chiesa d'IslandaLuteranesimo
51%
L'Islanda produce il 30% dell'energia elettrica da questo tipo di energiaGeotermica
49%
Bioma che copre il 62,7% dell'IslandaTundra
49%
Isola colonizzata da Erik il Rosso alla fine del X secoloGroenlandia
46%
E' usato al posto del cognomePatronimico
44%
Si dice che l'Alþingi, fondato nel 930, sia il ______ più antico del mondo,
almeno 200 anni più vecchio di quello dell'Inghilterra
Parlamento
35%
Cantautrice islandese diventata famosa nel Regno Unito (genere pop)Björk
28%
Piccolo uccello marino con becco arancionePulcinella di mare
22%
Catena montuosa prevalentemente sottomarina di cui fa parte l'IslandaDorsale {medio} {atlantica}
21%
Figlio di Erik il Rosso che fondò l'insediamento di Vinlandia nell'attuale CanadaLeif Erikson
16%

Distribuzione punteggi

Percentile per numero di risposta

Percentuale di utenti per punteggio

I tuoi punteggi nel tempo

Non hai fatto questo quiz